000 00605nam a2200229 i 4500
001 C2-0275258
003 PPAK
005 20180728004107.0
008 061016s2005 nyu |||| ||||| | eng d
020 _a0517226863
040 _aPPAK
_beng
_cPPAK
_erda
082 0 4 _a821
_223
090 0 0 _a821
_bILL
_dRLCK
245 0 4 _aThe illustrated library of world poetry
264 1 _aNew York :
_bGramercy Books ,
_c2005
300 _axxv, 789 pages ;
_c23 cm
336 _2rdacontent
_atext
337 _2rdamedia
_aunmediated
338 _2rdacarrier
_avolume
650 1 0 _aEnglish poetry.
942 _ddc
_cB
999 _c82945
_d82945